| 000 | 00469nam a2200169Ia 4500 | ||
|---|---|---|---|
| 008 | 220104s9999 xx 000 0 und d | ||
| 100 | _aEndeley H N L | ||
| 245 | 0 | _aSubstitution of cotton seed cake by rubber seed cake in feeding of broilers | |
| 650 | _aAnimal nutrition | ||
| 650 | _aBroiler chicken | ||
| 650 | _aCotton seed cake | ||
| 650 | _aOil seed cakes | ||
| 650 | _aRubber seed cake | ||
| 700 | _aTchouken M D | ||
| 700 | _aTchoumboue J | ||
| 942 | _cBE | ||
| 999 |
_c47542 _d47542 |
||